000 01257nam0a22002891 4500
001 v19\rc\1645616
005 20260406101042.0
035 _a(NLR Aleph) 005240902
090 _a5703264
_c5703264
100 _a20061002d1887 |||y0rusy50 ca
101 0 _arus
102 _aRU
105 _ay z |||||
200 1 _aК вопросу о кастрации при фибромиомах матки
_eДис. на степ. д-ра мед. лекаря Георгия Зворыкина
_f(Из Акуш.-гинекол. клиники проф. А.И. Лебедева)
210 _aСанкт-Петербург
_cпаровая скоропеч. Яблонский и Перотт
_d1887
215 _a94 с.
_d24
320 _aБиблиогр.: с. 89-91
700 1 _aЗворыкин
_bГ.И.
_f1857-1925
_gГеоргий Иванович
702 1 _4570
_8rus
_7ca
_aЛебедев
_bА. И.
_cврач-гинеколог
_f1950-1923
_gАлексей Иванович
_3RU\NLR\AUTH\7778660
_961588
801 2 _aRU
_bNLR
_c20090810
_2rusmarc
801 0 _aRU
_bNLR
_c20061002
_gpsbo
801 0 _aRU
_bRuMoRGB
_c20061002
_2psbo
801 1 _aRU
_bProSoft-M
_c20061002
_2rusmarc
852 _aNLR
_j18.320.4.60
852 _aNLR
_j131/2134
942 _cBOOK
980 _aNB